Statistics for UFC WELTERWEIGHT CHAMPS QUIZ

Click here to take the quiz!

General Stats

  • This quiz has been taken 42 times
  • The average score is 7 of 9

Answer Stats

HintAnswer% Correct
2019Kamaru Usman
100%
2022Leon Edwards
100%
2016Tyron Woodley
89%
2008Georges St-Pierre
86%
2014Robbie Lawler
73%
2004Matt Hughes
62%
2007Matt Serra
62%
2004BJ Penn
41%
2014Johny Hendricks
41%

Score Distribution

Percentile by Number Answered

Percent of People with Each Score

Your Score History

You have not taken this quiz